LIBRARY & INFORMATION CENTRE, KCAET, TAVANUR

ONLINE PUBLIC ACCESS CATALOGUE (OPAC)

Personal management and industrial relations (Record no. 28)

MARC details
000 -LEADER
fixed length control field 00580cam a2200241ua 4500
041 ## - LANGUAGE CODE
Language code of text/sound track or separate title eng
082 ## - DEWEY DECIMAL CLASSIFICATION NUMBER
Classification number 658.3
Item number TRI/PE
100 ## - MAIN ENTRY--AUTHOR NAME
Personal name Thripati, .
245 ## - TITLE STATEMENT
Title Personal management and industrial relations
250 ## - EDITION STATEMENT
Edition statement 10 /
260 ## - PUBLICATION, DISTRIBUTION, ETC. (IMPRINT)
Place of publication New Delhi :
Name of publisher S.Chand & Sons ,
Year of publication 1995.
300 ## - PHYSICAL DESCRIPTION
Number of Pages 524 ; .
650 ## - SUBJECT ADDED ENTRY--TOPICAL TERM
Topical Term Human resource development
650 ## - SUBJECT ADDED ENTRY--TOPICAL TERM
Topical Term Industrial organization
650 ## - SUBJECT ADDED ENTRY--TOPICAL TERM
Topical Term Management
942 ## - ADDED ENTRY ELEMENTS (KOHA)
Koha item type Books
003 - CONTROL NUMBER IDENTIFIER
control field @
003 - CONTROL NUMBER IDENTIFIER
control field OSt
Holdings
Withdrawn status Lost status Damaged status Home library Current library Date acquired Full call number Accession Number Koha item type
      KAUAET KAUAET 07/04/2012 658.3 18554 Books
free website counter